| 000 | 01354nam a22002777a 4500 | ||
|---|---|---|---|
| 005 | 20170124103125.0 | ||
| 010 | _aB-040096 | ||
| 020 |
_c400.00 _a8126700289 |
||
| 035 | _aB-040096 | ||
| 037 | _bCen Lib / Ret | ||
| 040 |
_aDPL _bHN |
||
| 082 |
_a305.8 _bज़करि |
||
| 100 |
_aज़कारिया, रफीक _982828 |
||
| 245 |
_aबढ़ती दूरियां : _cरफीक ज़कारिया ; अनुवादक राजम नटराजन पिल्लै _bगहराती दरार / |
||
| 246 |
_aBarhti dooriya : gehrati darar _bby Rafeeq Zakariya ; anuvadak Rajam Natrajan pille |
||
| 260 |
_aनयी दिल्ली _bराजकमल प्रकाशन _c2000 |
||
| 270 |
_bनयी दिल्ली _a1-बी, नेताजी सुभाष मार्ग _e110002 |
||
| 300 |
_axxvi,350पृ. _c20सेमी (सजिल्द) |
||
| 500 | _aगरंथ सूची शामिल | ||
| 650 |
_aभारत - जातीय संबंधों _97042 |
||
| 650 |
_a मुसलमानों - भारत _982829 |
||
| 650 |
_a India -- Ethnic relations. _982830 |
||
| 650 |
_aMuslims -- India. _97069 |
||
| 700 |
_aपिल्लै, राजम नटराजन _982831 |
||
| 942 |
_2ddc _cHN _h305.8 _mज़करि |
||
| 999 |
_c118990 _d118990 |
||